| 000 | 00799nam a2200265 i 4500 | ||
|---|---|---|---|
| 001 | 13117 | ||
| 003 | ES-MaACL | ||
| 005 | 20240320062524.0 | ||
| 007 | t| | ||
| 008 | 971209s1996 sp ||||1| spa d | ||
| 020 | _a84-7769-095-2 | ||
| 080 | _a7.036.73 | ||
| 080 | _a929 Picasso, Pablo | ||
| 100 | 1 |
_aGómez de la Serna, Ramón, _d1888-1963 _957901 |
|
| 245 | 1 | 0 |
_aCompleta y verídica historia de Picasso y el cubismo / _cRamón Gómez de la Serna. |
| 250 | _a1ª ed. | ||
| 260 |
_aBarcelona : _bQuaderns Crema, _c1996. |
||
| 300 |
_a102 p. : _bil. ; _c19 cm. |
||
| 490 | 1 |
_aCeret ; _v2 |
|
| 600 | 1 | 4 |
_aPicasso, Pablo, _d1881-1973 _991794 |
| 650 | 1 | 4 |
_aCubismo. _911470 |
| 830 | 0 |
_aCeret ; _v2 _9179454 |
|
| 852 |
_aES-MaACL _jL-20350 _bR.126156 |
||
| 999 |
_c13117 _d13117 |
||